| 000 | 00516nam a2200169Ia 4500 | ||
|---|---|---|---|
| 001 | 22746 | ||
| 003 | IN-NITTTR | ||
| 005 | 20251114233256.0 | ||
| 008 | 251113s9999||||xx |||||||||||||| ||eng|| | ||
| 040 | _beng | ||
| 040 | _cIN-NITTTR | ||
| 041 | _aeng | ||
| 082 | _a375 T226R | ||
| 100 | _aTechnical Teachers' Training Institute, Chandigarh | ||
| 245 | 0 |
_aReport on the development of curriculum for post diploma course in rural technology. / _cTechnical Teachers' Training Institute, Chandigarh |
|
| 942 |
_2ddc _cBK |
||
| 999 |
_c25375 _d25375 |
||